01019nam a2200265Ia 4500008004100000020001800041040000600059041001200065082001000077082001100087100001500098245006400113245001500177260001400192260003100206260000900237300005500246300001000301365002500311501002800336650024300364942000700607999001900614952012000633141004s9999 xx 000 0 und d a81 7649 833 5 ca aEnglish a631.4 bBEN/HA aDK Benbi aHandbook of processes and modeling in the soil plant system cDK Benbi aNew Delhi bViva books private limited c2004 a762 p.  b24 cm aRs.1295  aKAUCOF  aPhysical, Chemical and biological proccesss of soil-plant system, Soil formation, radioactivity in soil-plant system, soil acidification, soil alkalinization, soil erosion, soil conservation, soil water dynamics, solute-water interactions cBK c305486d305486 00104070aKAUCOFbKAUCOFd2040-11-05g1295.00l0o631.4 BEN/HApKAU_COF-4760r2014-10-04 00:00:00w2014-10-04yBK